| 000 | 00400nam a22001337a 4500 | ||
|---|---|---|---|
| 008 | 170822b xxu||||| |||| 00| 0 eng d | ||
| 020 | _a0387907491 | ||
| 041 | _aeng | ||
| 080 | _a51 | ||
| 100 | _a38 | ||
| 101 | _aMAT | ||
| 245 |
_aTJE HISTORY OF COMBINATORIAL GTOUP THEORY A C ASE STUDY IN THE IN THE HISTOREY OF IDEAS OF MATHEMATICS _cCHANDER.B |
||
| 942 |
_2udc _cBK |
||
| 999 |
_c24550 _d24550 |
||